Quito - Choix multiples - Statistiques

Statistiques générales
  • Ce quiz a été pris 1 326 fois
    1 316 depuis la dernière actualisation
  • Le résultat moyen est 5 sur 10
Statistiques - réponses
Question Réponse % Correct
Au cœur de quelle chaîne de montagnes se trouve Quito ? Andes
91%
Sur quelle latitude se trouve Quito ?
77%
Quel empire pré-colombien a annexé la région de Quito à la fin du XVe siècle? Inca
69%
Quel personnalité politique, engagée contre la corruption, fut assassinée à Quito lors de la campagne présidentielle de 2023 ? Fernando Villavicencio
66%
Quels objets sont traditionnellement brûlés dans les rues de Quito pour marquer la fin de l’année écoulée ? Des mannequins en papier mâché
60%
Qu'a été inauguré cette même année à Quito ? Une ligne de métro
45%
Quel volcan domine le paysage de Quito, à une altitude de 4 776 mètres ? Guagua Pichincha
39%
Quelle figure possède une statue de 41m de haut sur une colline de la ville ? La Vierge Marie
38%
Laquelle de ces photos n'a PAS été prise à Quito ?
35%
Quelle particularité possède le centre historique de la ville ? Il a été le premier site déclaré à l'UNESCO
15%
Aucun quiz correspondant
Distribution des résultats
% des personnes avec chaque résultat
Percentile par nombre de réponses
Votre historique - résultats
Vous n’avez pas pris ce quiz depuis la dernière actualisation